WWF Champions - 1980s - Statistics

General Stats
  • This quiz has been taken 245 times
  • The average score is 5 of 6
Answer Stats
Dates of Reign Wrestler % Correct
January 23, 1984 - February 5, 1988 Hulk Hogan
99%
April 2, 1989 - End of Decade Hulk Hogan
99%
March 27, 1988 - April 2, 1989 Randy Savage
91%
February 5, 1988 Andre the Giant
90%
December 26, 1983 - January 23, 1984 The Iron Sheik
80%
Champion on January 1, 1980 Bob Backlund
79%
No matching quizzes found
Score Distribution
Percent of People with Each Score
Percentile by Number Answered
Your Score History
You have not taken this quiz